00732nam a2200193Ia 4500003000900000008004100009020001800050040001600068080002400084111010400108245015700212260004500369300001000414490001100424650002600435650002200461650003200483700002300515IN-BaIIA211028s9999 xx 000 0 eng d a92-9092-744-5 cIIA Library a52(091)(082.2)bTHE aInternational Symposium on the History of the European Space AgencycLondon, U. K.d1998 Nov. 11-13 4aThe History of the european space agencybproceedings of an international symposium held in London, U. K., November 11-13, 1998cedited by R. A. Harris  aNetherlandsbEuropean Space Agencyc1999 a252p. aSP-436 aEuropean space agency aScience programme aSpace transportation system aHarris, R. A., ed.